Chotěboř /

Hlavní autor: Pavlíček, Stanislav, 1973-
Další autoři: Tomášková, Jana
Jazyk: Čeština
Vydáno: Chotěboř : Město Chotěboř, 2003
Témata:
Fyzický popis: 1 složený l. : barev. il ; 22 cm
Knihy
Uloženo v:
LEADER 01015nam a2200289 a 4500
001 000673132
003 CZ BrMZK
005 20100510100748.0
007 ta
008 030610s2003 xr a e f 000 0 cze d
020 |q (brož.) 
040 |a BOA001  |b cze 
043 |a e-xr---  |b e-xr-vy  |2 czenas 
072 7 |a 913(4)  |x Geografie Evropy, reálie, cestování  |2 Konspekt  |9 7 
080 |a 913(437.324)  |2 MRF 
080 |a (036)  |2 MRF 
100 1 |a Pavlíček, Stanislav,  |d 1973-  |7 mzk2002107407  |4 aut 
245 1 0 |a Chotěboř /  |c [text Stanislav Pavlíček, Jana Tomášková] 
260 |a Chotěboř :  |b Město Chotěboř,  |c 2003 
300 |a 1 složený l. :  |b barev. il ;  |c 22 cm 
500 |a Název z obálky 
655 7 |a informační publikace  |7 fd132454  |2 czenas 
651 7 |a Chotěboř (Česko)  |7 ge128944  |2 czenas 
700 1 |a Tomášková, Jana  |7 mzk2003187520  |4 aut 
910 |a BOA001  |b 2-1119.676 
990 |a BK 
996 6 |b 2610191991  |c 2-1119.676  |l MZK  |r Sklad / do 1 hodiny  |n 1  |p p.v.  |w 000673132  |u 000010  |a 1  |e BOA001  |j MZK50  |s P